| 000 | 00614nam a22001937a 4500 | ||
|---|---|---|---|
| 005 | 20251108170948.0 | ||
| 008 | 250721s1995 xx 000 0 ara d | ||
| 082 | 1 | 4 | _a616.6/عبد |
| 100 | 1 |
_aعبد الحميد، مرسي _eمعد |
|
| 245 | 1 | 0 | _aالتغلب على عدم الخصوبة بالوسائل الطبيعية / |
| 264 | 1 |
_aبيروت : _bدار العربية للعلوم، _c1995. |
|
| 300 | _a159ص | ||
| 650 | 1 | 7 | _aالعلاج الطبيعي |
| 650 | 1 | 7 | _aالعقم |
| 650 | 1 | 7 | _aالحمل |
| 650 | 1 | 7 | _aأمراض الجهاز التناسلي |
| 942 |
_2ddc _cBK |
||
| 999 |
_c53149 _d53149 |
||